000
00231nam a22000857a 4500
008
170111b xxu||||| |||| 00| 0 eng d
100
_9
2314
_a
Tulsi. V
245
_a
Frank Environmental Studies-6
260
_a
New Delhi
_b
Frank Brothers
_c
2007
999
_c
5242
_d
5242